Online
Catalog

Mi homenaje a las madres y una ofrenda al libertador Sandino / (Record no. 29410)

MARC details
000 -CABECERA
campo de control de longitud fija 00492nam a2200157 a 4500
001 - NÚMERO DE CONTROL
campo de control 000029918
005 - FECHA Y HORA DE LA ÚLTIMA TRANSACCIÓN
campo de control 20240226144121.0
008 - DATOS DE LONGITUD FIJA--INFORMACIÓN GENERAL
campo de control de longitud fija 110427s1928 dr 000 0 spa d
040 ## - FUENTE DE LA CATALOGACIÓN
Centro catalogador/agencia de origen DO-SdBNP
Lengua de catalogación spa
Centro/agencia transcriptor BNPHU
082 ## - NÚMERO DE LA CLASIFICACIÓN DECIMAL DEWEY
Número de clasificación xxx
Número de documento/Ítem P422m
049 ## - FONDOS LOCALES (OCLC)
Fondos de biblioteca BNPD
100 1# - ENTRADA PRINCIPAL--NOMBRE DE PERSONA
Nombre de persona Pepín, Ercilia,
Fechas asociadas al nombre 1886-1939
9 (RLIN) 6456
245 10 - MENCIÓN DE TÍTULO
Título Mi homenaje a las madres y una ofrenda al libertador Sandino /
Mención de responsabilidad, etc. Ercilia Pepín.
260 ## - PUBLICACIÓN, DISTRIBUCIÓN, ETC.
Lugar de publicación, distribución, etc. Santiago de los Caballeros :
Nombre del editor, distribuidor, etc. La Información,
Fecha de publicación, distribución, etc. 1928.
300 ## - DESCRIPCIÓN FÍSICA
Extensión 12 p. ;
Dimensiones 18 cm.
Holdings
Estado de retiro Estado de pérdida No para préstamo Código de colección Localización permanente Ubicación/localización actual Ubicación en estantería Fecha de adquisición Número de inventario Total de préstamos Signatura topográfica completa Código de barras Fecha visto por última vez Precio válido a partir de Tipo de ítem Koha
    Excluido de préstamo Patrimonio Dominicano Patrimonio Dominicano Patrimonio Dominicano En catalogación 27.04.2011 LF1   xxx P422m 29918-10 25.06.2020 25.06.2020 Libro y Folleto Colección Patrimonio Dominicano

Powered by Koha